[Event "Collado Villalba 2015 Torneo B"]
[Site "Collado Villalba (ESP)"]
[Date "2015.08.28"]
[Round "7.22"]
[White "Martinez Martinez, Manuel Ii"]
[Black "Penas Merino, Ramona"]
[Result "1-0"]
[WhiteElo "1678"]
[BlackElo "1436"]
[PlyCount "93"]
[EventDate "2015.08.22"]
[EventType "swiss"]
[EventRounds "9"]
[EventCountry "ESP"]
[Source "lmi"]
[SourceDate "2015.08.22"]

1. d4 d5 2. c4 e6 3. e3 Nf6 4. Nf3 c6 5. Nbd2 Nbd7 6. Bd3 dxc4 7. Nxc4 b5 8.
Nce5 Bb7 9. O-O a6 10. a3 c5 11. Nxd7 Nxd7 12. dxc5 Bxc5 13. b4 Be7 14. Bb2 O-O
15. Rc1 Rc8 16. Be2 Bf6 17. Qb3 Bxb2 18. Qxb2 Qf6 19. Qxf6 Nxf6 20. Ne5 Bd5 21.
Bf3 Bxf3 22. Nxf3 Nd7 23. Nd4 Rxc1 24. Rxc1 Nb6 25. Rc6 Rc8 26. Rxc8+ Nxc8 27.
Nc6 Nb6 28. Nb8 Nc4 29. Nxa6 Nxa3 30. Kf1 Kf8 31. Ke2 Ke7 32. Kd3 Kd6 33. Nc5
Kd5 34. e4+ Kd6 35. f4 e5 36. g3 f6 37. f5 g6 38. g4 g5 39. Nb7+ Ke7 40. Na5
Kd6 41. Kc3 Nb1+ 42. Kc2 Na3+ 43. Kb2 Nc4+ 44. Nxc4+ bxc4 45. Kc3 Kc6 46. Kxc4
h6 47. h3 1-0

[Event "Collado Villalba 2015 Torneo B"]
[Site "Collado Villalba (ESP)"]
[Date "2015.08.28"]
[Round "7.23"]
[White "Gonzalez Garcia, Soraya"]
[Black "Fernandez Estremera, Fernando"]
[Result "0-1"]
[WhiteElo "1526"]
[BlackElo "1672"]
[PlyCount "110"]
[EventDate "2015.08.22"]
[EventType "swiss"]
[EventRounds "9"]
[EventCountry "ESP"]
[Source "lmi"]
[SourceDate "2015.08.22"]

1. e4 c5 2. Nf3 e6 3. d3 a6 4. g3 b5 5. Nbd2 Bb7 6. Bg2 Qc7 7. O-O d6 8. Re1
Nd7 9. Nf1 Ngf6 10. Ne3 Be7 11. h4 h5 12. Nf1 Ng4 13. N1h2 Nxh2 14. Kxh2 d5 15.
e5 O-O-O 16. Bf4 Qb6 17. c3 Nf8 18. Ng5 Bxg5 19. Bxg5 Re8 20. Qf3 Qc7 21. d4 c4
22. a4 Bc6 23. axb5 Bxb5 24. Bf1 g6 25. Be2 Nh7 26. Bf6 Nxf6 27. Qxf6 Qe7 28.
Qxe7 Rxe7 29. Bd1 Kc7 30. Ba4 Kb6 31. Reb1 Bxa4 32. Rxa4 Ra7 33. b3 cxb3 34.
Rxb3+ Kc7 35. Ra5 Kd7 36. Rb6 Rha8 37. Rd6+ Ke7 38. Kg2 Rc7 39. Rc5 Rxc5 40.
dxc5 a5 41. Rb6 a4 42. Rb7+ Kd8 43. Rxf7 Kc8 44. Rf8+ Kb7 45. c6+ Ka7 46. Rf7+
Kb6 47. c7 Kb7 48. Rf4 a3 49. Rb4+ Kxc7 50. Rb1 Kc6 51. Kf3 Kc5 52. Ke3 a2 53.
Ra1 Kc4 54. Kd2 Kb3 55. Kd3 Kb2 0-1

[Event "Collado Villalba 2015 Torneo B"]
[Site "Collado Villalba (ESP)"]
[Date "2015.08.28"]
[Round "7.24"]
[White "Melcon Diez, Enrique"]
[Black "Cortijo Manso, Luis"]
[Result "1-0"]
[WhiteElo "1639"]
[BlackElo "1529"]
[PlyCount "59"]
[EventDate "2015.08.22"]
[EventType "swiss"]
[EventRounds "9"]
[EventCountry "ESP"]
[Source "lmi"]
[SourceDate "2015.08.22"]

1. c4 c6 2. e4 d5 3. exd5 cxd5 4. d4 Nf6 5. Nc3 e6 6. c5 a6 7. Nf3 Nc6 8. a3 g6
9. Bg5 Bg7 10. Bd3 Qc7 11. O-O O-O 12. Qd2 e5 13. Bxf6 Bxf6 14. Nxd5 Qd8 15.
Nxf6+ Qxf6 16. dxe5 Nxe5 17. Nxe5 Qxe5 18. b4 Rd8 19. Qc2 Bd7 20. Rfe1 Qd4 21.
Rad1 Bc6 22. Bxg6 Qg7 23. Be4 Re8 24. Bxc6 bxc6 25. g3 h6 26. Kg2 h5 27. h4 Qg6
28. Qxg6+ fxg6 29. Rxe8+ Rxe8 30. Rd6 1-0

[Event "Collado Villalba 2015 Torneo B"]
[Site "Collado Villalba (ESP)"]
[Date "2015.08.28"]
[Round "7.25"]
[White "Merino Conrado, Ricardo"]
[Black "Veuthey Martinez, Eloy"]
[Result "1-0"]
[WhiteElo "1468"]
[BlackElo "1557"]
[PlyCount "113"]
[EventDate "2015.08.22"]
[EventType "swiss"]
[EventRounds "9"]
[EventCountry "ESP"]
[Source "lmi"]
[SourceDate "2015.08.22"]

1. Nf3 d6 2. c4 e5 3. Nc3 f5 4. e3 c6 5. d4 e4 6. Ng1 Nf6 7. Be2 d5 8. Qa4 Bd7
9. Qb3 Bc8 10. cxd5 cxd5 11. Bb5+ Nc6 12. Qd1 Bd7 13. a3 Na5 14. Ba4 Bxa4 15.
Qxa4+ Nc6 16. b4 a6 17. Qb3 Be7 18. Nge2 Bd6 19. Nxd5 Nxd5 20. Qxd5 Bxb4+ 21.
axb4 Qxd5 22. Bd2 Rc8 23. O-O Kd7 24. Rac1 Qb5 25. Nc3 Qd3 26. Rcd1 Nxb4 27.
Na4 Nd5 28. Nc5+ Rxc5 29. dxc5 Kc6 30. Ba5 Qb5 31. Ra1 Kxc5 32. Rfc1+ Kd6 33.
Rd1 Rc8 34. Be1 Rc2 35. Ra5 Qe2 36. Raxd5+ Kc6 37. Rd6+ Kb5 38. Rb1+ Kc5 39.
Bb4+ Kc4 40. Rd4+ Kb5 41. Be1+ Kc6 42. g3 Qf3 43. Rbd1 g5 44. Rd7 f4 45. R1d6+
Kc5 46. Rd5+ Kc4 47. Rd4+ Kb3 48. Rxb7+ Ka3 49. Rd5 Rc4 50. Ra5+ Ra4 51. Bb4+
Kb3 52. Bd6+ Kc4 53. Rxa4+ Kd5 54. Rd4+ Kc6 55. Rc7+ Kb5 56. Rb4+ Ka5 57. Rb1
1-0

[Event "Collado Villalba 2015 Torneo B"]
[Site "Collado Villalba (ESP)"]
[Date "2015.08.28"]
[Round "7.26"]
[White "Bermejo Calvo, Nora"]
[Black "Fernandez Garcia, Emiliano"]
[Result "1/2-1/2"]
[WhiteElo "1313"]
[BlackElo "1534"]
[PlyCount "140"]
[EventDate "2015.08.22"]
[EventType "swiss"]
[EventRounds "9"]
[EventCountry "ESP"]
[Source "lmi"]
[SourceDate "2015.08.22"]

1. e4 c5 2. Nf3 e6 3. Nc3 a6 4. d4 cxd4 5. Nxd4 Qc7 6. Be3 Nf6 7. Qf3 b5 8. Bd3
Bb7 9. Qg3 Qxg3 10. hxg3 Nc6 11. Nxc6 Bxc6 12. a3 Be7 13. O-O O-O 14. e5 Nd5
15. Nxd5 Bxd5 16. Rfe1 f6 17. Bf4 fxe5 18. Bxe5 d6 19. Bc3 Bf6 20. Bxf6 Rxf6
21. Rad1 Rc8 22. c3 Rd8 23. Rc1 Rc8 24. Ra1 h6 25. a4 Bc4 26. Be4 bxa4 27. Rxa4
d5 28. Bf3 Rb8 29. b4 Bb5 30. Raa1 Rc8 31. Rac1 Kh7 32. Be2 g5 33. Bg4 Re8 34.
Re3 e5 35. Rce1 e4 36. Rd1 Rd8 37. Be2 Bxe2 38. Rxe2 Rfd6 39. Red2 g4 40. Rd4
Rc8 41. Rxd5 Rxd5 42. Rxd5 Rxc3 43. Rd7+ Kg8 44. Kf1 Rc4 45. Rb7 Kf8 46. Rb6 h5
47. Ke2 Ke7 48. Rxa6 Rxb4 49. Rh6 Rb5 50. Ke3 Re5 51. Kf4 Rb5 52. Kxe4 Kf7 53.
f3 Kg7 54. Rd6 gxf3 55. gxf3 Rb4+ 56. Kf5 Rb5+ 57. Kf4 Rb4+ 58. Kg5 Rb5+ 59.
Kh4 Kf7 60. Rh6 Rb3 61. Kxh5 Rxf3 62. Kg4 Kg7 63. Kxf3 Kxh6 64. Kf4 Kg6 65. g4
Kf6 66. g5+ Kg6 67. Kg4 Kg7 68. Kf5 Kf7 69. g6+ Kg7 70. Kg5 Kg8 1/2-1/2

[Event "Collado Villalba 2015 Torneo B"]
[Site "Collado Villalba (ESP)"]
[Date "2015.08.28"]
[Round "7.27"]
[White "Buergo Villanueva, Fernando"]
[Black "Algaba Traspuesto, Jose Antoni"]
[Result "1/2-1/2"]
[WhiteElo "1308"]
[BlackElo "1611"]
[PlyCount "59"]
[EventDate "2015.08.22"]
[EventType "swiss"]
[EventRounds "9"]
[EventCountry "ESP"]
[Source "lmi"]
[SourceDate "2015.08.22"]

1. d4 d5 2. Nf3 Nf6 3. e3 Bf5 4. Bd3 Bxd3 5. Qxd3 e6 6. O-O Bd6 7. Nbd2 O-O 8.
Re1 Nbd7 9. b3 e5 10. e4 Re8 11. Bb2 exd4 12. Bxd4 dxe4 13. Nxe4 Ne5 14. Nxe5
Bxe5 15. Nxf6+ Qxf6 16. c3 Bxd4 17. cxd4 g6 18. Re3 Rxe3 19. Qxe3 Rd8 20. Rd1
c5 21. d5 Rxd5 22. Qe1 Rxd1 23. Qxd1 Qb2 24. a4 a6 25. g3 b5 26. axb5 axb5 27.
Qd5 Qc1+ 28. Kg2 c4 29. Qd8+ Kg7 30. Qd4+ 1/2-1/2

[Event "Collado Villalba 2015 Torneo B"]
[Site "Collado Villalba (ESP)"]
[Date "2015.08.28"]
[Round "7.30"]
[White "Gallego Romero, Manuel"]
[Black "Lancharro Delgado, Miguel"]
[Result "1-0"]
[WhiteElo "1483"]
[BlackElo "1247"]
[PlyCount "67"]
[EventDate "2015.08.22"]
[EventType "swiss"]
[EventRounds "9"]
[EventCountry "ESP"]
[Source "lmi"]
[SourceDate "2015.08.22"]

1. e4 e5 2. Bc4 Nf6 3. d3 Nc6 4. a3 d6 5. h3 Be7 6. Nc3 O-O 7. Nf3 a6 8. Bg5
Na5 9. Ba2 h6 10. Bxf6 Bxf6 11. Nh2 Nc6 12. Ng4 Bg5 13. Qf3 Nd4 14. Qd1 Be6 15.
Bxe6 Nxe6 16. g3 Nd4 17. h4 Bf6 18. Nd5 Be7 19. c3 Ne6 20. Nde3 Qd7 21. Nf5 Nc5
22. Ngxh6+ Kh7 23. Nxe7 Qxe7 24. Nf5 Qd7 25. Qh5+ Kg8 26. O-O-O g6 27. Qg4 Kh7
28. Ne3 Qb5 29. Qe2 Nb3+ 30. Kb1 Kg8 31. Nd5 Qc5 32. f4 c6 33. Nf6+ Kg7 34. Nd7
1-0

[Event "Collado Villalba 2015 Torneo B"]
[Site "Collado Villalba (ESP)"]
[Date "2015.08.28"]
[Round "7.33"]
[White "Perez Ramos, Miguel Angel"]
[Black "Lianes Garcia, Alicia"]
[Result "0-1"]
[WhiteElo "1358"]
[BlackElo "1277"]
[PlyCount "68"]
[EventDate "2015.08.22"]
[EventType "swiss"]
[EventRounds "9"]
[EventCountry "ESP"]
[Source "lmi"]
[SourceDate "2015.08.22"]

1. d4 Nf6 2. Nc3 d5 3. Nf3 c5 4. Bf4 Nc6 5. a3 Bf5 6. e3 e6 7. Nb5 Rc8 8. Nc3
a6 9. b3 Bd6 10. h3 Bxf4 11. exf4 cxd4 12. Nxd4 Nxd4 13. Qxd4 Bxc2 14. Bd3 Bxb3
15. Rc1 Bc4 16. f3 Bxd3 17. Qxd3 O-O 18. O-O Rc4 19. f5 Qb6+ 20. Kh1 Rfc8 21.
fxe6 fxe6 22. Rfe1 Qc6 23. Ne2 b5 24. Rc3 Rxc3 25. Nxc3 Qxc3 26. Qe2 Re8 27.
Kg1 Qxa3 28. g4 b4 29. Qc2 Qc3 30. Rc1 Qxc2 31. Rxc2 b3 32. Rb2 Rb8 33. Kf2 a5
34. Ke2 a4 0-1

[Event "Collado Villalba 2015 Torneo B"]
[Site "Collado Villalba (ESP)"]
[Date "2015.08.29"]
[Round "8.1"]
[White "Greciano Reiskila, Miguel C"]
[Black "Sanz Toledano, Alfonso"]
[Result "1/2-1/2"]
[WhiteElo "1925"]
[BlackElo "1796"]
[PlyCount "42"]
[EventDate "2015.08.22"]
[EventType "swiss"]
[EventRounds "9"]
[EventCountry "ESP"]
[Source "lmi"]
[SourceDate "2015.08.22"]

1. c4 b6 2. Nc3 Bb7 3. d4 e6 4. e4 Bb4 5. Bd3 Qh4 6. Qe2 f5 7. Nf3 Bxc3+ 8.
bxc3 Qg4 9. d5 fxe4 10. Bxe4 Nf6 11. Bd3 O-O 12. O-O exd5 13. Bg5 Ne4 14. h3
Qh5 15. Be7 Rf7 16. cxd5 Nxc3 17. Qe1 Bxd5 18. Ng5 Rxe7 19. Qxe7 Nc6 20. Qe3
Re8 21. Bxh7+ Kh8 1/2-1/2

[Event "Collado Villalba 2015 Torneo B"]
[Site "Collado Villalba (ESP)"]
[Date "2015.08.29"]
[Round "8.2"]
[White "Sancho Castiello, Federico"]
[Black "Liceras Ruiz, Manuel"]
[Result "1/2-1/2"]
[WhiteElo "1790"]
[BlackElo "1782"]
[PlyCount "80"]
[EventDate "2015.08.22"]
[EventType "swiss"]
[EventRounds "9"]
[EventCountry "ESP"]
[Source "lmi"]
[SourceDate "2015.08.22"]

1. e4 Nf6 2. e5 Nd5 3. d4 d6 4. Nf3 Bg4 5. Be2 e6 6. O-O Be7 7. h3 Bh5 8. c4
Nb6 9. Nc3 O-O 10. Be3 d5 11. c5 Bxf3 12. gxf3 N6d7 13. f4 Bh4 14. Bd3 f5 15.
exf6 Qxf6 16. Kh2 c6 17. Qc2 h6 18. Rg1 Kh8 19. Rg6 Qe7 20. Rag1 Rf7 21. f5 Nf8
22. R6g4 Qf6 23. Ne2 Nbd7 24. Nf4 Bg5 25. Nh5 Qe7 26. Bxg5 hxg5 27. Rxg5 Nf6
28. Nxg7 e5 29. dxe5 Qxe5+ 30. Kh1 N8h7 31. Rg6 Rd8 32. Ne6 Re8 33. f4 Qe3 34.
R6g3 Rxe6 35. Rxe3 Rxe3 36. Kh2 Rfe7 37. Qc3 Rf3 38. Rg6 Ree3 39. Rxf6 Rxh3+
40. Kg2 Rhg3+ 1/2-1/2

[Event "Collado Villalba 2015 Torneo B"]
[Site "Collado Villalba (ESP)"]
[Date "2015.08.29"]
[Round "8.3"]
[White "Fernandez Garcia, Ignacio"]
[Black "Herrero Corada, Jose Ignacio"]
[Result "1-0"]
[WhiteElo "1870"]
[BlackElo "1792"]
[PlyCount "77"]
[EventDate "2015.08.22"]
[EventType "swiss"]
[EventRounds "9"]
[EventCountry "ESP"]
[Source "lmi"]
[SourceDate "2015.08.22"]

1. e4 c6 2. d4 d5 3. Nc3 dxe4 4. Nxe4 Nf6 5. Ng5 h6 6. N5f3 c5 7. Bc4 e6 8. Ne2
Nc6 9. c3 cxd4 10. Nexd4 Nxd4 11. Nxd4 Bc5 12. Be3 O-O 13. Qe2 Bb6 14. Rd1 Qe7
15. O-O e5 16. Nc2 Bc7 17. h3 Bf5 18. Nb4 Bd6 19. Qf3 Be6 20. Qg3 Kh8 21. Nd5
Nxd5 22. Bxd5 Bxd5 23. Rxd5 Rfd8 24. Rfd1 b6 25. Qf3 Bc7 26. Qf5 Rxd5 27. Rxd5
Rd8 28. Qd3 e4 29. Rxd8+ Bxd8 30. Qc4 Bc7 31. g3 Kg8 32. Qd5 Kf8 33. a4 Bd6 34.
Qa8+ Qe8 35. Qxa7 b5 36. Qb6 Qd7 37. Qxb5 Qxh3 38. Bc5 Qe6 39. Qb8+ 1-0

[Event "Collado Villalba 2015 Torneo B"]
[Site "Collado Villalba (ESP)"]
[Date "2015.08.29"]
[Round "8.4"]
[White "Andrade Sandoval, Bianca"]
[Black "Soto Martin, Miguel"]
[Result "0-1"]
[WhiteElo "1705"]
[BlackElo "1716"]
[PlyCount "60"]
[EventDate "2015.08.22"]
[EventType "swiss"]
[EventRounds "9"]
[EventCountry "ESP"]
[Source "lmi"]
[SourceDate "2015.08.22"]

1. d4 Nf6 2. Nf3 g6 3. c4 Bg7 4. Nc3 O-O 5. e4 d6 6. Be2 Nbd7 7. O-O e5 8. d5
Nc5 9. Qc2 a5 10. Be3 Nfd7 11. a3 a4 12. Nd2 f5 13. f4 exf4 14. Rxf4 Be5 15.
Rf3 f4 16. Bxc5 Nxc5 17. Rff1 g5 18. h3 Bd4+ 19. Kh1 g4 20. Rfd1 Qh4 21. Nf1
Bf2 22. Nh2 gxh3 23. gxh3 Qxh3 24. Bf1 Qh4 25. Rd2 Bg3 26. Bd3 Nb3 27. Rg1 Nxd2
28. Qxd2 Bg4 29. Rf1 f3 30. e5 f2 0-1

[Event "Collado Villalba 2015 Torneo B"]
[Site "Collado Villalba (ESP)"]
[Date "2015.08.29"]
[Round "8.5"]
[White "Rico Ropero, Oscar"]
[Black "Medrano Del Val, Julio"]
[Result "1/2-1/2"]
[WhiteElo "1457"]
[BlackElo "1825"]
[PlyCount "86"]
[EventDate "2015.08.22"]
[EventType "swiss"]
[EventRounds "9"]
[EventCountry "ESP"]
[Source "lmi"]
[SourceDate "2015.08.22"]

1. c4 g6 2. d4 Bg7 3. g3 c5 4. e3 cxd4 5. exd4 d6 6. Bg2 Nf6 7. Ne2 Qc7 8. b3
Bf5 9. Nbc3 O-O 10. O-O Nc6 11. a3 Rad8 12. Be3 e5 13. f3 Rfe8 14. Qd2 Na5 15.
Nb5 Qb6 16. d5 Qa6 17. Qc3 Rc8 18. Bd2 Qxb5 19. cxb5 Rxc3 20. Bxc3 Nxb3 21. Ra2
Bd3 22. Rd1 Bxb5 23. Bb4 Bf8 24. Rc2 a5 25. Be1 Nd7 26. Rb1 Bd3 27. Rxb3 Bxc2
28. Rxb7 Nc5 29. Ra7 a4 30. Bb4 Rc8 31. Bh3 Rd8 32. Nc3 Bh6 33. Bxc5 dxc5 34.
Rd7 Be3+ 35. Kg2 Rb8 36. Rc7 Rb2 37. Kh1 Bd4 38. d6 Bxc3 39. d7 Bd4 40. d8=Q+
Kg7 41. Rxf7+ Kxf7 42. Qd7+ Kf6 43. Qe6+ Kg7 1/2-1/2

[Event "Collado Villalba 2015 Torneo B"]
[Site "Collado Villalba (ESP)"]
[Date "2015.08.29"]
[Round "8.6"]
[White "Tarrio Ocana, Jose Manuel"]
[Black "Criado Riesgo, Manuel"]
[Result "1-0"]
[WhiteElo "1852"]
[BlackElo "1535"]
[PlyCount "59"]
[EventDate "2015.08.22"]
[EventType "swiss"]
[EventRounds "9"]
[EventCountry "ESP"]
[Source "lmi"]
[SourceDate "2015.08.22"]

1. e4 c6 2. d4 d5 3. Nc3 dxe4 4. Nxe4 Bf5 5. Ng3 Bg6 6. h4 h6 7. Nf3 e6 8. h5
Bh7 9. Bd3 Bxd3 10. Qxd3 Nf6 11. Bf4 Bd6 12. Bxd6 Qxd6 13. O-O-O Nbd7 14. Kb1
O-O-O 15. Rhe1 Kb8 16. a3 Rhe8 17. Qb3 Qc7 18. Rd2 Qb6 19. Qa4 Nd5 20. Rd3 Qc7
21. c4 N5f6 22. Qc2 Qf4 23. Ne5 Nxe5 24. dxe5 Rxd3 25. Qxd3 Ng8 26. Qd6+ Ka8
27. Rd1 Rb8 28. Qc7 Qxf2 29. Rd8 Qe1+ 30. Ka2 1-0

[Event "Collado Villalba 2015 Torneo B"]
[Site "Collado Villalba (ESP)"]
[Date "2015.08.29"]
[Round "8.7"]
[White "Alvarez Gonzalez, Eduardo"]
[Black "Elguezabal Selioutin, Dario"]
[Result "1/2-1/2"]
[WhiteElo "1805"]
[BlackElo "1610"]
[PlyCount "140"]
[EventDate "2015.08.22"]
[EventType "swiss"]
[EventRounds "9"]
[EventCountry "ESP"]
[Source "lmi"]
[SourceDate "2015.08.22"]

1. d4 d5 2. c4 dxc4 3. Nf3 Nf6 4. Nc3 c5 5. Qa4+ Nc6 6. dxc5 e6 7. Qxc4 Nd7 8.
Ne4 Nxc5 9. Bd2 Qb6 10. Bc3 Nxe4 11. Qxe4 Bb4 12. Qc4 Bd7 13. a3 Bxc3+ 14. Qxc3
O-O 15. e3 Rac8 16. Bd3 a5 17. O-O Nb4 18. Qb3 Nd5 19. Qxb6 Nxb6 20. Rac1 Rxc1
21. Rxc1 Rc8 22. Rxc8+ Nxc8 23. Kf1 Nd6 24. Ne5 Ba4 25. Ke2 f6 26. Nc4 Nxc4 27.
Bxc4 Kf7 28. Kd2 Ke7 29. Kc3 Bc6 30. g3 e5 31. b4 axb4+ 32. Kxb4 Kd6 33. a4 Bd7
34. a5 g5 35. Bd3 h6 36. Be4 Kc7 37. Kc5 Be6 38. Bd5 Bg4 39. f4 gxf4 40. gxf4
Bd7 41. fxe5 fxe5 42. Kc4 Bc8 43. Kc5 Bd7 44. Bf3 Be6 45. Be2 Bf5 46. Kd5 e4
47. Bb5 b6 48. a6 Kb8 49. Kc6 Ka7 50. Kd5 h5 51. Ke5 Bc8 52. Kxe4 Bxa6 53. Be8
Be2 54. Kd4 Kb7 55. e4 Kc7 56. Kd5 Kd8 57. Ba4 b5 58. Bb3 Kd7 59. e5 h4 60. Kc5
Bc4 61. Bxc4 bxc4 62. Kxc4 Ke6 63. Kd4 Ke7 64. Ke3 Kf7 65. Kf4 Ke6 66. Ke4 Ke7
67. Kf5 Kf7 68. Kg4 Ke6 69. Kxh4 Kxe5 70. Kg4 Kf6 1/2-1/2

[Event "Collado Villalba 2015 Torneo B"]
[Site "Collado Villalba (ESP)"]
[Date "2015.08.29"]
[Round "8.8"]
[White "Minguela Munoz, Bienvenido"]
[Black "Rodriguez Del Moral, Angel"]
[Result "0-1"]
[WhiteElo "1732"]
[BlackElo "1797"]
[PlyCount "70"]
[EventDate "2015.08.22"]
[EventType "swiss"]
[EventRounds "9"]
[EventCountry "ESP"]
[Source "lmi"]
[SourceDate "2015.08.22"]

1. d4 Nf6 2. c4 c5 3. d5 e6 4. Nc3 exd5 5. cxd5 d6 6. e4 g6 7. Bb5+ Bd7 8. Bd3
Bg7 9. Bf4 Qe7 10. Nge2 Nh5 11. Be3 a6 12. f3 b5 13. Rc1 O-O 14. g4 Nf6 15. h4
b4 16. Na4 Bxa4 17. Qxa4 Nxd5 18. Bd2 Nb6 19. Qc2 N8d7 20. f4 d5 21. Ng3 c4 22.
Be2 Rac8 23. e5 d4 24. Nf5 gxf5 25. gxf5 d3 26. Bxd3 cxd3 27. Qxd3 Rxc1+ 28.
Bxc1 Nxe5 29. fxe5 Bxe5 30. Rg1+ Kh8 31. Kf1 Qxh4 32. Bg5 Qc4 33. Ke2 f6 34.
Bh6 Rg8 35. Rc1 Rg2+ 0-1

[Event "Collado Villalba 2015 Torneo B"]
[Site "Collado Villalba (ESP)"]
[Date "2015.08.29"]
[Round "8.9"]
[White "Guerrero Gonzalez, Francisco"]
[Black "Calvo De Castro, Miguel"]
[Result "0-1"]
[WhiteElo "1753"]
[BlackElo "1725"]
[PlyCount "58"]
[EventDate "2015.08.22"]
[EventType "swiss"]
[EventRounds "9"]
[EventCountry "ESP"]
[Source "lmi"]
[SourceDate "2015.08.22"]

1. d4 Nf6 2. c4 g6 3. Nc3 Bg7 4. e4 d6 5. f4 O-O 6. Nf3 c5 7. d5 Nbd7 8. Bd3
Ne8 9. O-O e5 10. fxe5 Nxe5 11. Nxe5 Bxe5 12. Bh6 Qh4 13. Bf4 Bxf4 14. g3 Be3+
15. Kh1 Qg5 16. Kg2 Bg4 17. Be2 Bxe2 18. Qxe2 Bd4 19. Nb5 Be5 20. Rf3 a6 21.
Nc3 Ng7 22. h3 Rae8 23. Raf1 Bxc3 24. bxc3 Qe5 25. Qb2 Re7 26. Re1 Rfe8 27. Qf2
f5 28. Rf1 Qxe4 29. Kh1 Qxc4 0-1

[Event "Collado Villalba 2015 Torneo B"]
[Site "Collado Villalba (ESP)"]
[Date "2015.08.29"]
[Round "8.10"]
[White "Mkrtchyan, Levon"]
[Black "Lancharro Delgado, Cristina"]
[Result "1-0"]
[WhiteElo "1746"]
[BlackElo "1461"]
[PlyCount "83"]
[EventDate "2015.08.22"]
[EventType "swiss"]
[EventRounds "9"]
[EventCountry "ESP"]
[Source "lmi"]
[SourceDate "2015.08.22"]

1. e4 e5 2. Nf3 Nc6 3. Bc4 Nf6 4. d4 exd4 5. e5 d5 6. Bb5 Nd7 7. O-O Bc5 8.
Bxc6 bxc6 9. Nxd4 Bxd4 10. Qxd4 O-O 11. f4 Qe7 12. b3 Bb7 13. Ba3 c5 14. Qd3 a5
15. Rd1 c6 16. c4 Qe6 17. Nc3 Rfd8 18. Na4 dxc4 19. Qxc4 Qxc4 20. bxc4 Ba6 21.
Rac1 Rab8 22. Rd6 Rbc8 23. Rcd1 Bxc4 24. Nb6 Be2 25. Nxc8 Bxd1 26. Rxd1 Rxc8
27. Rxd7 c4 28. Rd4 c3 29. Rc4 Rd8 30. Bd6 f6 31. Rxc3 fxe5 32. fxe5 Rc8 33.
Rc5 a4 34. Rc4 Kf7 35. Rxa4 Ke6 36. Ra7 c5 37. Rc7 Rxc7 38. Bxc7 c4 39. Kf2 c3
40. Ke2 c2 41. Kd2 Kd7 42. Bd6 1-0

[Event "Collado Villalba 2015 Torneo B"]
[Site "Collado Villalba (ESP)"]
[Date "2015.08.29"]
[Round "8.11"]
[White "Picazo Sancho, Alvaro"]
[Black "Borovyev, Svytoslav"]
[Result "1/2-1/2"]
[WhiteElo "1610"]
[BlackElo "1740"]
[PlyCount "92"]
[EventDate "2015.08.22"]
[EventType "swiss"]
[EventRounds "9"]
[EventCountry "ESP"]
[Source "lmi"]
[SourceDate "2015.08.22"]

1. e4 c5 2. Nf3 e6 3. d4 cxd4 4. Nxd4 Nf6 5. Nc3 Nc6 6. a3 d5 7. exd5 exd5 8.
Be2 Bd6 9. O-O O-O 10. Kh1 Be6 11. Be3 a6 12. f4 Qc7 13. Nxe6 fxe6 14. g3 Rad8
15. Na4 d4 16. Bxd4 Bc5 17. Nxc5 Nxd4 18. Nd3 Nd5 19. Qd2 Nb6 20. Bg4 Qxc2 21.
Qe3 Qc6+ 22. Bf3 Nxf3 23. Rxf3 Nc4 24. Nb4 Qc8 25. Qc3 a5 26. Nd3 Qc6 27. Kg2
g5 28. h3 h5 29. g4 hxg4 30. hxg4 gxf4 31. Kf2 Qxf3+ 32. Kxf3 Rxd3+ 33. Qxd3
Ne5+ 34. Ke4 Nxd3 35. Kxd3 e5 36. Ke4 Re8 37. Rc1 Kf7 38. Rc7+ Re7 39. Rc5 b6
40. Rc8 Kf6 41. Rc6+ Re6 42. g5+ Kf7 43. Rc8 Rg6 44. Kxe5 f3 45. Kf5 f2 46. Rc1
Rg8 1/2-1/2

[Event "Collado Villalba 2015 Torneo B"]
[Site "Collado Villalba (ESP)"]
[Date "2015.08.29"]
[Round "8.12"]
[White "Tronch Ilzarbe, Carlos Maria"]
[Black "Rodriguez Gomez, Jose"]
[Result "0-1"]
[WhiteElo "1761"]
[BlackElo "1650"]
[PlyCount "74"]
[EventDate "2015.08.22"]
[EventType "swiss"]
[EventRounds "9"]
[EventCountry "ESP"]
[Source "lmi"]
[SourceDate "2015.08.22"]

1. d4 d5 2. Bf4 c6 3. c3 e6 4. e3 Nf6 5. Nf3 Nbd7 6. Bd3 Be7 7. Nbd2 b6 8. h3
O-O 9. O-O h6 10. Ne5 Nxe5 11. dxe5 Nd7 12. Qg4 Bg5 13. Bh2 Bh4 14. f4 Be7 15.
Qh5 f5 16. Nb3 Qe8 17. Qf3 Nc5 18. Nxc5 bxc5 19. b3 a5 20. c4 Bb7 21. Bg3 Qd7
22. Qd1 Rfd8 23. Bf2 Qe8 24. Kh2 Ba6 25. Qc2 Bb7 26. Rg1 h5 27. Be2 Qf7 28. g4
hxg4 29. hxg4 Bc8 30. Rg3 Kf8 31. Rh3 Qg8 32. gxf5 exf5 33. Bh5 g6 34. Rg1 g5
35. fxg5 Qe6 36. Bg3 f4 37. Bxf4 Qxh3# 0-1

[Event "Collado Villalba 2015 Torneo B"]
[Site "Collado Villalba (ESP)"]
[Date "2015.08.29"]
[Round "8.13"]
[White "Garcia Lopez, Fernando"]
[Black "Leniz Martinez, Francisco"]
[Result "1/2-1/2"]
[WhiteElo "1646"]
[BlackElo "1689"]
[PlyCount "48"]
[EventDate "2015.08.22"]
[EventType "swiss"]
[EventRounds "9"]
[EventCountry "ESP"]
[Source "lmi"]
[SourceDate "2015.08.22"]

1. e4 c5 2. Nf3 e6 3. d4 cxd4 4. Nxd4 a6 5. Nc3 Qc7 6. Bd3 Nc6 7. Nxc6 bxc6 8.
O-O Nf6 9. Kh1 Be7 10. f4 Bb7 11. e5 Nd5 12. Nxd5 cxd5 13. Qh5 g6 14. Qh6 Bf8
15. Qh3 Bg7 16. Be3 O-O 17. Bd4 d6 18. Qe3 Rfe8 19. Rf3 dxe5 20. Bxe5 Bxe5 21.
Qxe5 Qxe5 22. fxe5 Rac8 23. Raf1 Re7 24. Rf4 Kg7 1/2-1/2

[Event "Collado Villalba 2015 Torneo B"]
[Site "Collado Villalba (ESP)"]
[Date "2015.08.29"]
[Round "8.14"]
[White "Picazo Sancho, Carolina"]
[Black "Garcia Castineira, Ivan"]
[Result "0-1"]
[WhiteElo "1413"]
[BlackElo "1688"]
[PlyCount "114"]
[EventDate "2015.08.22"]
[EventType "swiss"]
[EventRounds "9"]
[EventCountry "ESP"]
[Source "lmi"]
[SourceDate "2015.08.22"]

1. e4 d5 2. exd5 Qxd5 3. Nc3 Qe6+ 4. Be2 Qg6 5. g3 Bf5 6. d3 Nc6 7. Be3 Nf6 8.
Nf3 Ng4 9. Bd2 Qf6 10. Nh4 h5 11. Nd5 Qd4 12. Ne3 Nxe3 13. Bxe3 Qf6 14. Nxf5
Qxf5 15. Qd2 O-O-O 16. O-O-O e5 17. Qc3 f6 18. Qc4 Qd7 19. Bf3 Nd4 20. Bg2 h4
21. Bxd4 Qxd4 22. Qe6+ Kb8 23. Qb3 Qb4 24. Qxb4 Bxb4 25. a3 Bc5 26. f4 exf4 27.
gxf4 Be3+ 28. Kb1 Bxf4 29. Rdf1 g5 30. h3 Rhe8 31. Bf3 Re3 32. Bg4 Rde8 33. Bf5
R8e5 34. Bg4 c5 35. Ka2 Kc7 36. Kb3 b5 37. Rf3 a5 38. Ka2 Rxf3 39. Bxf3 Re3 40.
Bg4 Kd6 41. Bf5 Re5 42. Be4 f5 43. Bf3 Re3 44. Bh5 Bg3 45. Rf1 Ke5 46. Kb1 Re1+
47. Rxe1+ Bxe1 48. c3 Kf4 49. Bg6 g4 50. hxg4 fxg4 51. d4 cxd4 52. cxd4 g3 53.
d5 Bf2 54. Bd3 g2 55. d6 g1=Q+ 56. Ka2 Qg8+ 57. Kb1 Qd5 0-1